000 00639nam a22002057a 4500
005 20240327152220.0
010 _aENG-139875
020 _a9788192291109
_c479.00
035 _aEN-123407
037 _bDBAD/PUB
082 _a500
_21
100 _aVarghese christy
_964014
245 _aCSIR-NET General Aptitude- New Outlook
_cby Christy varghese
260 _aKerala
_bLilly publishing house
_c2021
270 _aChanganacherry
_bKerala
_k0481-2401509, 9947401509
300 _a616p.
_c24cm(pbk)
700 _aChristy varghese
_963774
710 _aJesse P francis
_eAuthor
_963775
942 _cHN
_2ddc
_h500
_mVar
_e7
999 _c201700
_d201700